| Tag |
First Indicator |
Second Indicator |
Subfields |
| LEADER |
00000cam a2200000 4500 |
| 001 |
in00000068951 |
| 005 |
20151008050852.0 |
| 008 |
760322m19221923nyu 00110 eng |
| 010 |
|
|
|a a 24000661
|
| 035 |
|
|
|a (OCoLC)02061541
|
| 035 |
|
|
|9 AAG3934AM
|
| 040 |
|
|
|a DLC
|c AKC
|d TXA
|d UtOrBLW
|
| 049 |
|
|
|a TXAM
|v 1 [42216]
|v 2 [42217]
|v 3 [42218]
|
| 050 |
|
0 |
|a DA45
|b .W
|
| 090 |
|
|
|a DA45
|b .W37
|
| 092 |
|
|
|a 327.42
|b W25c
|
| 100 |
1 |
|
|a Ward, Adolphus William,
|c Sir,
|d 1837-1924.
|
| 245 |
1 |
4 |
|a The Cambridge history of British foreign policy, 1783-1919 /
|c Edited by A. W. Ward ... and G. P. Gooch ...
|
| 264 |
|
1 |
|a New York :
|b The Macmillan co.,
|c 1922-23.
|
| 300 |
|
|
|a 3 volumes ;
|c 25 cm.
|
| 336 |
|
|
|a text
|b txt
|2 rdacontent
|
| 337 |
|
|
|a unmediated
|b n
|2 rdamedia
|
| 338 |
|
|
|a volume
|b nc
|2 rdacarrier
|
| 504 |
|
|
|a Bibliographies: volume 1, pages [603]-609; volume 2,pages [646]-669; volume 3, pages [631]-638.
|
| 505 |
0 |
|
|a v. 1. 1783-1815.--v. 2. 1815-1866.--v. 3. 1866-1919.
|
| 650 |
|
0 |
|a World politics.
|
| 651 |
|
0 |
|a Great Britain
|x Foreign relations.
|
| 700 |
1 |
|
|a Gooch, G. P.
|q (George Peabody),
|d 1873-1968.
|
| 999 |
|
|
|a MARS
|
| 999 |
f |
f |
|s b9d2b224-5336-39ec-8e29-4bf56a743273
|i e920fa38-df58-325f-a553-d0afd73933f6
|t 0
|
| 952 |
f |
f |
|p normal
|a Texas A&M University
|b College Station
|c Sterling C. Evans Library
|d Evans: Library Stacks
|t 0
|e DA45 .W37
|h Library of Congress classification
|i unmediated -- volume
|k v.2
|m A14800674898
|
| 952 |
f |
f |
|p normal
|a Texas A&M University
|b College Station
|c Sterling C. Evans Library
|d Evans: Library Stacks
|t 0
|e DA45 .W37
|h Library of Congress classification
|i unmediated -- volume
|k v.1
|m A14800674880
|
| 952 |
f |
f |
|p normal
|a Texas A&M University
|b College Station
|c Sterling C. Evans Library
|d Evans: Library Stacks
|t 0
|e DA45 .W37
|h Library of Congress classification
|i unmediated -- volume
|k v.3
|m A14800674903
|
| 998 |
f |
f |
|a DA45 .W37
|s v.1-v.3
|t 0
|l Evans: Library Stacks
|